Les jours fériés en France - Statistiques

Statistiques générales
  • Ce quiz a été pris 23 112 fois
  • Le résultat moyen est 16 sur 26
Statistiques - réponses
Nom de la fête % Correct
Noël
94%
2 jours avant {Pâques}
90%
39 jours après {Pâques}
90%
50 jours après {Pâques}
90%
Lendemain de {Pâques}
90%
Armistice de 1918
83%
Jour de l'An
83%
25 Décembre
81%
1er Janvier
80%
11 Novembre
77%
Fête du travail
77%
1er Mai
75%
8 Mai
73%
14 Juillet
70%
Fête nationale
64%
Ascension
61%
15 Août
55%
Lundi de Pâques
55%
Toussaint
54%
1er Novembre
51%
Assomption
45%
Lundi de Pentecôte
31%
Victoire de 1945
28%
Vendredi saint
20%
26 Décembre
10%
Saint Etienne
5%
Aucun quiz correspondant
Distribution des résultats
% des personnes avec chaque résultat
Percentile par nombre de réponses
Votre historique - résultats
Vous n’avez pas pris ce quiz